banner koha

Ethanol production from lactose and whey by Escherichia coli expressing genes from Zymomonas mobilis (Registro n. 155783)

MARC details
000 -LÍDER
campo de controle de tamanho fixo 00878nas a2200289 4500
001 - NÚMERO DE CONTROLE
campo de controle BR9704011
003 - IDENTIFICADOR DO NÚMERO DE CONTROLE
campo de controle BR-BrBNA
005 - DATA E HORÁRIO DA ÚLTIMA TRANSAÇÃO
campo de controle 20231205100411.0
007 - CAMPO FIXO DE DESCRIÇÃO FÍSICA--INFORMAÇÃO GERAL
campo de controle de tamanho fixo ta
008 - CAMPO DE DADOS FIXOS--INFORMAÇÃO GERAL
campo de controle de tamanho fixo 230509b bl.|||p| |||| 00| 00por d
040 ## - FONTE DA CATALOGAÇÃO
Instituição da catalogação original BR-BrBNA
Idioma da catalogação por
Instituição que transcreveu o registro Biblioteca Nacional de Agricultura
041 ## - CÓDIGO DE IDIOMA
Código do idioma do texto/trilha sonora ou título diferente (En)
072 ## - CÓDIGO DE CATEGORIA DE ASSUNTO
Código de Categoria de Assunto P06
100 1# - ENTRADA PRINCIPAL--NOME PESSOAL
Nome pessoal Carvalhal, M.L.
100 1# - ENTRADA PRINCIPAL--NOME PESSOAL
Nome pessoal Wuthstrack, G.H.
100 1# - ENTRADA PRINCIPAL--NOME PESSOAL
Nome pessoal Montoro, L.P.
100 1# - ENTRADA PRINCIPAL--NOME PESSOAL
Nome pessoal Takahashi, D.F.
100 1# - ENTRADA PRINCIPAL--NOME PESSOAL
Nome pessoal Alterthum, F.
245 1# - TÍTULO
Título Ethanol production from lactose and whey by Escherichia coli expressing genes from Zymomonas mobilis
650 ## - ASSUNTO--TERMO TÓPICO
Cabeçalho tópico ou nome geográfico Etanol
650 ## - ASSUNTO--TERMO TÓPICO
Cabeçalho tópico ou nome geográfico Bacteria Patogenica
650 ## - ASSUNTO--TERMO TÓPICO
Cabeçalho tópico ou nome geográfico Soro de Leite
650 ## - ASSUNTO--TERMO TÓPICO
Cabeçalho tópico ou nome geográfico Lactose
773 0# - ENTRADA ANALÍTICA
Título Revista de Microbiologia (Brazil)
ISSN - International Standard Serial Number ISSN 0001-3714
Partes relacionadas (Jan-Mar 1997), v. 28(1) p. 263-267
Número de controle do registro BR9704011
909 ## -
-- 202311
-- Lúcia
-- 55
-- Lúcia Elande
942 ## - ELEMENTOS DE ENTRADA ADICIONADOS (KOHA)
Fonte da classificação ou esquema de arquivamento na estante Classificação AGRIS
Ocultar no OPAC Não
Tipo de material Koha Analítica
Exemplares
Situação do descarte Fonte da classificação ou esquema de arquivamento na estante Situação física Não pode ser emprestado Biblioteca de origem Biblioteca atual Localização na estante Enumeração do periódico / cronologia Total de empréstimos Data de último acesso Número do exemplar Tipo de material Koha Fonte de aquisição
  Classificação AGRIS   Consulta local Biblioteca Nacional de Agricultura - Binagri Biblioteca Nacional de Agricultura - Binagri   (Jan-Mar 1997), v. 28(1) p. 263-267   29/11/2023 01 Periódicos Portaria Interministerial nº 164/94

BINAGRI

Telefone: (61)3218-2567/2388/3357/2097 - binagri@agro.gov.br

Ministério da Agricultura e Pecuária , Esplanada dos Ministérios, Bloco D, Anexo B, Brasília/DF, CEP: 70.043-900